[Event "IBCA-ol blind 14th"]
[Site "Chennai"]
[Date "2012.08.14"]
[Round "5.2"]
[White "Belazzoug, Farid"]
[Black "Murin, Miroslav"]
[Result "1/2-1/2"]
[WhiteElo "1698"]
[BlackElo "1866"]
[PlyCount "91"]
[EventDate "2012.08.10"]
[EventType "team-swiss"]
[EventRounds "9"]
[EventCountry "IND"]
[SourceTitle "CBM 149 Extra"]
[Source "ChessBase"]
[SourceDate "2012.08.24"]
[SourceVersion "1"]
[SourceVersionDate "2012.08.24"]
[SourceQuality "1"]
[WhiteTeam "France"]
[BlackTeam "Slovakia"]
[WhiteTeamCountry "FRA"]
[BlackTeamCountry "SVK"]

1. d4 d5 2. Nf3 Nf6 3. c4 e6 4. g3 Nbd7 5. Bg2 Bb4+ 6. Bd2 Be7 7. b3 c6 8. 0-0 0-0 9. Nc3 Re8 10. Re1 Nf8 11. e4 dxe4 12. Nxe4 Nxe4 13. Rxe4 c5 14. Bc3 Bf6 15. Rc1 cxd4 16. Bxd4 Bxd4 17. Qxd4 Qc7 18. Qb2 Ng6 19. Ne5 Nf8 20. Nf3 f6 21. Rce1 Bd7 22. R4e3 Rad8 23. Nd2 Bc6 24. Bxc6 Qxc6 25. Ne4 b6 26. Nd2 Re7 27. Ne4 Red7 28. Qc2 h6 29. R3e2 f5 30. Nd2 Rd3 31. Nf1 R8d4 32. Rd2 Qd6 33. Rxd3 Rxd3 34. Ne3 Rd2 35. Qb1 f4 36. Nf1 Rd4 37. Re4 e5 38. gxf4 exf4 39. Rxd4 Qxd4 40. Qf5 Nd7 41. Qe6+ Kf8 42. Qc6 a5 43. Qe6 Ne5 44. Qf5+ Ke7 45. Qc2 Nf3+ 46. Kh1 1/2-1/2

[Event "IBCA-ol blind 14th"]
[Site "Chennai"]
[Date "2012.08.11"]
[Round "2.2"]
[White "Berggren, Patrik"]
[Black "Belazzoug, Farid"]
[Result "1/2-1/2"]
[WhiteElo "1935"]
[BlackElo "1698"]
[PlyCount "83"]
[EventDate "2012.08.10"]
[EventType "team-swiss"]
[EventRounds "9"]
[EventCountry "IND"]
[SourceTitle "CBM 149 Extra"]
[Source "ChessBase"]
[SourceDate "2012.08.24"]
[SourceVersion "1"]
[SourceVersionDate "2012.08.24"]
[SourceQuality "1"]
[WhiteTeam "Sweden"]
[BlackTeam "France"]
[WhiteTeamCountry "SWE"]
[BlackTeamCountry "FRA"]

1. e4 e6 2. d4 d5 3. exd5 exd5 4. c4 Nf6 5. Nc3 Be7 6. Nf3 0-0 7. Bd3 dxc4 8. Bxc4 c6 9. 0-0 Nbd7 10. Re1 Nb6 11. Bb3 Bf5 12. a3 Re8 13. Be3 Nfd5 14. Ne5 Bf6 15. Qf3 Bxe5 16. Qxf5 Bf6 17. Rad1 g6 18. Qf3 Bg7 19. Ne4 Qe7 20. Ng5 h6 21. Nh3 Qf6 22. Qg3 Re7 23. Bd2 Rae8 24. Rxe7 Qxe7 25. Qd3 Qe4 26. Qxe4 Rxe4 27. Bc3 Nf6 28. f3 Re8 29. Nf4 Nbd5 30. Nd3 Re7 31. Kf2 Re8 32. Nc5 Re7 33. Ba2 b6 34. Nd3 Re8 35. Rd2 Ne7 36. Rd1 Ned5 37. Bb1 Re7 38. Bc2 Nd7 39. Bb3 N7f6 40. Rd2 Re8 41. Rd1 Re7 42. Rd2 1/2-1/2

[Event "IBCA-ol blind 14th"]
[Site "Chennai"]
[Date "2012.08.10"]
[Round "1.2"]
[White "Belazzoug, Farid"]
[Black "Kishan, Gangolli"]
[Result "0-1"]
[WhiteElo "1698"]
[BlackElo "1972"]
[PlyCount "42"]
[EventDate "2012.08.10"]
[EventType "team-swiss"]
[EventRounds "9"]
[EventCountry "IND"]
[SourceTitle "CBM 149 Extra"]
[Source "ChessBase"]
[SourceDate "2012.08.24"]
[SourceVersion "1"]
[SourceVersionDate "2012.08.24"]
[SourceQuality "1"]
[WhiteTeam "France"]
[BlackTeam "India"]
[WhiteTeamCountry "FRA"]
[BlackTeamCountry "IND"]

1. d4 Nf6 2. Nf3 e6 3. c4 d5 4. Nc3 Be7 5. g3 0-0 6. Bg2 dxc4 7. Ne5 c5 8. dxc5 Bxc5 9. Qxd8 Rxd8 10. Nxc4 Nc6 11. 0-0 Nd5 12. Nxd5 exd5 13. Nd2 Nd4 14. Nf3 Nxe2+ 15. Kh1 Bb6 16. Rd1 Nxc1 17. Raxc1 Be6 18. Nd4 Bxd4 19. Rxd4 Rac8 20. Rxc8 Rxc8 21. a3 Rc1+ 0-1

[Event "Reunion op 13th"]
[Site "St Denis"]
[Date "2011.10.05"]
[Round "5"]
[White "Belazzoug, Farid"]
[Black "Duprey, Francois Xavier"]
[Result "1/2-1/2"]
[WhiteElo "1706"]
[BlackElo "1754"]
[PlyCount "40"]
[EventDate "2011.10.01"]
[EventType "swiss"]
[EventRounds "9"]
[EventCountry "RUF"]
[SourceTitle "EXT 2012"]
[Source "ChessBase"]
[SourceDate "2011.11.24"]
[SourceVersion "1"]
[SourceVersionDate "2011.11.24"]
[SourceQuality "1"]

1. d4 Nf6 2. Nf3 g6 3. g3 Bg7 4. Bg2 d6 5. 0-0 0-0 6. c4 Nbd7 7. Nc3 c6 8. a4 Nb6 9. b3 Bg4 10. Bb2 Qd7 11. e3 Bh3 12. Re1 Bxg2 13. Kxg2 d5 14. c5 Nc8 15. a5 Rb8 16. Qc2 b5 17. b4 a6 18. Re2 Re8 19. Rae1 e6 20. Qb1 Qc7 1/2-1/2

[Event "Reunion op 10th"]
[Site "St Denis"]
[Date "2008.10.12"]
[Round "3"]
[White "Belazzoug, Farid"]
[Black "Payet, Vincent"]
[Result "0-1"]
[WhiteElo "1774"]
[BlackElo "1499"]
[PlyCount "46"]
[EventDate "2008.10.11"]
[EventType "swiss"]
[EventRounds "9"]
[EventCountry "RUF"]
[SourceTitle "EXT 2009"]
[Source "ChessBase"]
[SourceDate "2008.11.26"]
[SourceVersion "1"]
[SourceVersionDate "2008.11.26"]
[SourceQuality "1"]

1. d4 Nf6 2. c4 e6 3. Nf3 d5 4. Nc3 Bb4 5. Bg5 0-0 6. e3 b6 7. Bd3 dxc4 8. Bxc4 Bb7 9. 0-0 Bxc3 10. bxc3 Re8 11. Ne5 Bd5 12. Ng4 Bxc4 13. Nxf6+ gxf6 14. Bh6 Kh8 15. Re1 Rg8 16. e4 Rg6 17. Qh5 Qg8 18. g3 Nd7 19. f4 Re8 20. f5 Rg4 21. e5 Rxg3+ 22. hxg3 Qxg3+ 23. Kh1 Bd5+ 0-1

[Event "Reunion op 09th"]
[Site "Reunion"]
[Date "2007.10.20"]
[Round "8"]
[White "Souevamanien, Pascal"]
[Black "Belazzoug, Farid"]
[Result "1-0"]
[WhiteElo "2141"]
[BlackElo "1849"]
[PlyCount "83"]
[EventDate "2007.10.14"]
[EventType "swiss"]
[EventRounds "9"]
[EventCountry "RUF"]
[SourceTitle "EXT 2012"]
[Source "ChessBase"]
[SourceDate "2011.11.24"]
[SourceVersion "1"]
[SourceVersionDate "2011.11.24"]
[SourceQuality "1"]

1. Nf3 Nf6 2. b3 b6 3. Bb2 Bb7 4. g3 g6 5. Bg2 Bg7 6. c4 d6 7. 0-0 0-0 8. Nc3 Nbd7 9. Qc2 c5 10. a3 Re8 11. d3 Qc7 12. Rac1 Rad8 13. Qb1 e5 14. e4 Bh6 15. Rc2 Bg7 16. Bc1 Qb8 17. Bh3 Bc8 18. Bg2 Nf8 19. Bg5 Ne6 20. Nd5 Nxg5 21. Nxg5 Nd7 22. Qd1 Bh6 23. h4 f6 24. Nf3 Bb7 25. h5 Bxd5 26. cxd5 a5 27. Nh4 Nf8 28. Bh3 Qc7 29. b4 axb4 30. axb4 Ra8 31. bxc5 bxc5 32. Be6+ Nxe6 33. dxe6 Rxe6 34. hxg6 hxg6 35. Qg4 Qf7 36. Nxg6 Kh7 37. Nh4 Re7 38. Kg2 Qg7 39. Qh3 Qf8 40. Qf5+ Kg8 41. Ng6 Rg7 42. Nxf8 1-0

[Event "Reunion op 09th"]
[Site "Reunion"]
[Date "2007.10.19"]
[Round "7"]
[White "Henry, Laura"]
[Black "Belazzoug, Farid"]
[Result "0-1"]
[WhiteElo "1624"]
[BlackElo "1849"]
[PlyCount "62"]
[EventDate "2007.10.14"]
[EventType "swiss"]
[EventRounds "9"]
[EventCountry "RUF"]
[SourceTitle "EXT 2012"]
[Source "ChessBase"]
[SourceDate "2011.11.24"]
[SourceVersion "1"]
[SourceVersionDate "2011.11.24"]
[SourceQuality "1"]

1. e4 e6 2. d4 d5 3. exd5 exd5 4. c4 c6 5. Nc3 Nf6 6. Bg5 Be7 7. Nf3 0-0 8. Be2 h6 9. Bf4 Bf5 10. 0-0 Nbd7 11. Re1 dxc4 12. Bxc4 Nb6 13. Nh4 Bh7 14. Bd3 Bxd3 15. Qxd3 Nfd5 16. Nf5 Bg5 17. Qg3 Nxf4 18. h4 Ng6 19. hxg5 Qxg5 20. Qxg5 hxg5 21. Ne4 f6 22. Ned6 Nd5 23. Nxb7 Rab8 24. Nfd6 Ngf4 25. b3 Kh7 26. Nc5 Kg6 27. Nd7 Nc3 28. Nxf8+ Rxf8 29. Re7 Nce2+ 30. Kf1 Rh8 31. Rxe2 Rh1# 0-1

[Event "Reunion op 09th"]
[Site "Reunion"]
[Date "2007.10.15"]
[Round "2"]
[White "Belazzoug, Farid"]
[Black "Ranaivoharisoa, Alain"]
[Result "0-1"]
[WhiteElo "1849"]
[BlackElo "2079"]
[PlyCount "62"]
[EventDate "2007.10.14"]
[EventType "swiss"]
[EventRounds "9"]
[EventCountry "RUF"]
[SourceTitle "EXT 2012"]
[Source "ChessBase"]
[SourceDate "2011.11.24"]
[SourceVersion "1"]
[SourceVersionDate "2011.11.24"]
[SourceQuality "1"]

1. d4 d5 2. c4 c6 3. cxd5 cxd5 4. Nf3 Nc6 5. Nc3 Nf6 6. Bf4 g6 7. e3 Bg7 8. Be2 0-0 9. 0-0 Nh5 10. Bg3 Nxg3 11. hxg3 Qa5 12. Qa4 Qxa4 13. Nxa4 e5 14. dxe5 Nxe5 15. Nxe5 Bxe5 16. Rac1 Bd7 17. Nc5 Bc6 18. Nd3 Bg7 19. b3 d4 20. exd4 Bxd4 21. Nb4 Rac8 22. Nxc6 Rxc6 23. Rxc6 bxc6 24. Bc4 Re8 25. Rd1 c5 26. Rd2 Re1+ 27. Kh2 a5 28. a4 Kg7 29. f3 Bg1+ 30. Kh3 Be3 31. g4 Bxd2 0-1